Mots qui contiennent un animal #1 - Statistiques

Statistiques générales
  • Ce quiz a été pris 13 972 fois
  • Le résultat moyen est 15 sur 20
Statistiques - réponses
Indices Réponses % Correct
Fruit souvent confondu avec le marron {Chat}aigne
99%
Action de frotter un endroit qui nous démange G{rat}ter
94%
Archipel de Tanzanie Zanzi{bar}
90%
Science du son Acous{tique}
89%
Habitant du pays dont la capitale est Vienne Autri{chien}
88%
Groupe d'animaux auquel appartiennent les araignées et les scorpions {Ara}chnides
87%
Adjectif désignant quelque chose qui est conforme à nos attentes Satis{faisan}t
87%
Dessin encré dans la peau {Tatou}age
87%
Reproduction d'une oeuvre Co{pie}
82%
Infection respiratoire très contagieuse {Coq}ueluche
82%
Véhicule sans moteur tracté par un véhicule à moteur Rem{orque}
78%
Bâton utilisé en équitation par le cavalier sur le cheval Cra{vache}
76%
Support utilisé en peinture pour tenir l'oeuvre en cours de création {Cheval}et
65%
Autre nom pour désigner les langues latines Rom{ane}s
64%
Elles peuvent être automobile, à pied, ou simplement en magasin C{ours}es
53%
L'une des fines herbes utilisées en cuisine {Cerf}euil
52%
Ensemble des os de la main entre le poignet et les phalanges Meta{carpe}
52%
Mince et svelte {Élan}cé
50%
Elle symbolise l'amitié et l'amour dans le langage des fleurs {Chèvre}feuille
45%
Bouteille d'une contenance de 3 litres Jero{boa}m
34%
Aucun quiz correspondant
Distribution des résultats
% des personnes avec chaque résultat
Percentile par nombre de réponses
Votre historique - résultats
Vous n’avez pas pris ce quiz